<?xml version="1.0" encoding="UTF-8"?>
<marc:record xmlns:marc="http://www.loc.gov/MARC21/slim">
   <marc:leader>00000nam a2200000 a 4500</marc:leader>
   <marc:datafield ind1="1" ind2=" " tag="100">
      <marc:subfield code="a">Blank, Hajo</marc:subfield>
      <marc:subfield code="4">aut</marc:subfield>
      <marc:subfield code="e">Verfasser/-in</marc:subfield>
   </marc:datafield>
   <marc:datafield ind1=" " ind2=" " tag="653">
      <marc:subfield code="a">Basteln</marc:subfield>
   </marc:datafield>
   <marc:datafield ind1=" " ind2=" " tag="653">
      <marc:subfield code="a">Papier</marc:subfield>
   </marc:datafield>
   <marc:datafield ind1="0" ind2="0" tag="245">
      <marc:subfield code="a">Falte das Papier!</marc:subfield>
   </marc:datafield>
   <marc:datafield ind1="0" ind2="0" tag="245">
      <marc:subfield code="b">Klassiker &amp; neue Faltideen</marc:subfield>
   </marc:datafield>
   <marc:datafield ind1=" " ind2="1" tag="264">
      <marc:subfield code="b">Christophorus</marc:subfield>
      <marc:subfield code="c">2014</marc:subfield>
   </marc:datafield>
   <marc:datafield ind1="1" ind2=" " tag="520">
      <marc:subfield code="a">Willkommen im Faltclub Lass den eleganten Megagleiter durch die Luft sausen, geh mit einer lässigen Detektivmütze auf Ganovenjagd und sag deinen Freunden mit dem Himmel-und-Hölle-Spiel ihre Zukunft voraus! Alles, was du dafür brauchst, sind dieses Buch, ein Stück Papier und deine flinken Finger! Entdecke, wie schnell und einfach sich ein langweiliges Papier in witzige Faltfiguren verwandeln lässt: Ob Flieger, Hut oder geheimnisvolles Zauberspiel - fast alle Beispiele in diesem Buch hast du ratzfatz nachgefaltet. Und für Profis sind auch ein paar kniffligere Faltideen dabei. Schnapp dir das Papier und werde kreativ!</marc:subfield>
   </marc:datafield>
   <marc:datafield ind1=" " ind2=" " tag="020">
      <marc:subfield code="a">9783838835136</marc:subfield>
      <marc:subfield code="9">9783838835136</marc:subfield>
   </marc:datafield>
</marc:record>
